Central Library and Information Centre
Sibsagar Girls' College, Sivasagar : Assam

UCHATAR MADHYAMIK STHANANGKA GEOMETRY (For H.S.Course) (Record no. 8071)

MARC details
000 -LEADER
fixed length control field 00467cam a2200181ua 4500
008 - FIXED-LENGTH DATA ELEMENTS--GENERAL INFORMATION
fixed length control field 160708n1997 II |||gr||||Z||||||asm
040 ## - CATALOGING SOURCE
Original cataloging agency MAIN
041 ## - LANGUAGE CODE
-- English
082 ## - DEWEY DECIMAL CLASSIFICATION NUMBER
Classification number 516.16 SAI
100 ## - MAIN ENTRY--PERSONAL NAME
Personal name SAIKIA, THANESWER.
245 ## - TITLE STATEMENT
Title UCHATAR MADHYAMIK STHANANGKA GEOMETRY (For H.S.Course)
260 ## - PUBLICATION, DISTRIBUTION, ETC.
Place of publication, distribution, etc. NEW DELHI
Name of publisher, distributor, etc. S.CHAND & COMPANY
Date of publication, distribution, etc. 1997
300 ## - PHYSICAL DESCRIPTION
Extent 229:
Dimensions 20CM.
700 ## - ADDED ENTRY--PERSONAL NAME
Personal name SAIKIA, THANESWER.,
Relator term Author.
942 ## - ADDED ENTRY ELEMENTS (KOHA)
Koha item type Books
653 ## - INDEX TERM--UNCONTROLLED
Uncontrolled term Geometry
Holdings
Withdrawn status Lost status Damaged status Not for loan Collection code Home library Current library Shelving location Date acquired Full call number Barcode Date last seen Copy number Price effective from Koha item type Public note
Withdrawn       REFMAT Central Library and Information Centre Sibsagar Girls College Central Library and Information Centre Sibsagar Girls College Withdraw items 23.06.1998 516.16 SAI 15443 27.02.2020 1 27.02.2020 Books V
Withdrawn       TBMAT Central Library and Information Centre Sibsagar Girls College Central Library and Information Centre Sibsagar Girls College Mathematics Rack 23.06.1998 516.16 SAI 15444 27.02.2020 2 27.02.2020 Books  


Sibsagar Girl's College © 2020. All rights reserved.
Powered by Koha.
Maintained by Abhijit Borpuzari.